| 000 | 01461nam a2200361 c 4500 | ||
|---|---|---|---|
| 003 | BLK | ||
| 005 | 20231208161601.0 | ||
| 008 | 180410b bul|||||r ||||||| ||bul|| | ||
| 010 | _aKNG00172779000 | ||
| 020 |
_a978-954-9621-51-8 _bиздат.: АТЛАНТИС-КЛ |
||
| 040 | _aBLK | ||
| 041 |
_aBUL _cBUL |
||
| 072 | 7 |
_2bullib _aН83 _xЧужда художествена литература Н |
|
| 080 |
_aНемска литература _b821.112.2 _x-31 _z821.112.2-31 |
||
| 100 | 1 |
_aЦе, Юли _eпърви автор _9139781 |
|
| 700 | 1 |
_aИванова, Ива Николаева _eпрев. от нем. _9380148 |
|
| 139 |
_aЦе, Юли _bЦ 41 |
||
| 245 | 1 | 0 |
_aКорпус деликти _bЕдин процес _cЮли Це; прев. от нем. Ива Николаева Иванова. |
| 257 | _aDEU | ||
| 260 |
_аСофия _bАТЛАНТИС-КЛ _c2010 _fСофия : Скала |
||
| 300 |
_a184 с. _c20 см |
||
| 380 | _aX | ||
| 490 | 1 | _aВълшебната планина : Съвременна проза от Германия, Австрия и Швейцария | |
| 500 | _aОриг. загл. Corpus Delicti / Juli Zeh. | ||
| 653 | _aромани | ||
| 659 | _aН | ||
| 852 | _aЦб 273223 | ||
| 856 | 4 |
_qpdf _u |
|
| 856 | 4 |
_qpdf _u |
|
| 942 |
_cKNG _n0 _04 |
||
| 944 |
_aCR _c10.03.2015 _lЦветелина Шанова _k30531 |
||
| 944 |
_aED _c16.06.2016 _lф / _kЛюдмила_Стоянова |
||
| 999 |
_c165193 _d165193 |
||